000 00565nam a2200229Ia 4500
003 OSt
005 20221005132601.0
006 a|||||r|||| 00| 0
007 ta
008 221004b |||||||| |||| 00| 0 eng d
024 _a53031
037 _cTextual
040 _aCRL
_cCRL
_beng
041 _2eng
_aeng
082 _aR3:Q, J11
100 _aBurtt Edwin A
_9615567
245 0 _aTypes of religious philosophy Rev edn
260 _c1951
650 _aPHILOSOPHY
942 _hR3:Q, J11
_cTEXL
_2cc
999 _c1064072
_d1064072